000 00290pab a2200121 454500
008 180718b xxu||||| |||| 00| 0 eng d
100 _aKapoor H.L.
245 _aHow good is Delhi police
362 _a11 Nov 93, p.4
650 _aPolice -- India -- Delhi
773 _aPatriot
909 _a25848
999 _c25848
_d25848